Holiday Quiz

Random Holiday or Blitz Quiz

Non-Titular Christmas Songs Quiz Stats

 Plays Quiz Updated Dec 17, 2017

Challenge
Share
Tweet
Embed
Score 0/11 Timer 01:30
3 Plays Today
% Correct
All I Want for Christmas is You
86.6%
Twelve Days of Christmas
85.3%
Let it Snow! Let it Snow! Let it Snow!
82.2%
Do They Know It's Christmas?
82.2%
Winter Wonderland
79.3%
White Christmas
79%
Santa Claus is Coming to Town
77.1%
The Sussex Carol
65.9%
Jingle Bell Rock
48.3%
Jingle Bells
41.5%
Rudolph the Red Nosed Reindeer
27.8%

You're not logged in!

Compare scores with friends on all Sporcle quizzes.
OR
Log In

You Might Also Like...

Show Comments

Extras

Top Quizzes Today


Score Distribution

Your Account Isn't Verified!

In order to create a playlist on Sporcle, you need to verify the email address you used during registration. Go to your Sporcle Settings to finish the process.

Report this User

Report this user for behavior that violates our Community Guidelines.

Details: